000 01644nam a2200337 i 4500
003 DO-SdBNP
005 20240305135508.0
007 ta
008 110113s2017 sp r 000 f spa d
020 _a9788401019609
040 _aDO-SdBNP
_bspa
_cBNPHU
_erda
082 4 _a823.914
_bF667p, 2017
_222
100 1 _aFollett, Ken,
_d1949-
_913022
240 1 0 _aA world without end
_lEspañol.
245 1 0 _aUn mundo sin fin /
_cKen Follett ; traducción de Anuvela
264 1 _aBarcelona, España :
_bPlaza & Janés,
_c2017.
300 _a1178 páginas
_c24 cm.
336 _2rdacontent
_atexto
_btxt
337 _2rdamedia
_asin mediación
_bn
338 _2rdacurrier
_avolumen
_bnc
500 _aIncluye datos biográficos del autor en la solapa de la cubierta
500 _aLa continuación de ¨Los pilares de la tierra¨
500 _aLibro de pasta dura.
520 _aKen Follett vuelve al fascinante universo de Kingsbridge dos siglos después de la construcción de su majestuoso templo gótico. La catedral y el priorato ocupan de nuevo el centro de una encrucijada de amor y de odio, orgullo y codicia, en que defensores a ultranza de las viejas costumbres luchan con saña contra las mentes más progresistas. La intriga y la tensión llegan rápidamente a límites insoportables con el devastador telón de fondo de la peste negra, que aniquiló a la mitad de la población europea.
590 _aInventariado, 2023/ YL
650 4 _aNovela inglesa
_91075
650 4 _aLiteratura inglesa
_91074
700 1 _aAnuvela
_etraducción
_948975
910 _aYLockward/Validado. Control de calidad MFF
942 _2ddc
_cLBS1
999 _c55200
_d55200